[Event "FAI-chT"]
[Site "Faroe Islands"]
[Date "2011.11.06"]
[Round "2.3"]
[White "Petersen, Remi"]
[Black "Andreasen, Joan Hendrik"]
[Result "0-1"]
[WhiteElo "1288"]
[BlackElo "2256"]
[PlyCount "80"]
[EventDate "2011.10.30"]
[EventType "team-tourn"]
[EventRounds "10"]
[EventCountry "FAI"]
[SourceTitle "EXT 2013"]
[Source "ChessBase"]
[SourceDate "2012.11.22"]
[SourceVersion "1"]
[SourceVersionDate "2012.11.22"]
[SourceQuality "1"]
[WhiteTeam "Havnin II"]
[BlackTeam "Havnin"]
[WhiteTeamCountry "FAI"]
[BlackTeamCountry "FAI"]

1. d4 d5 2. Nf3 c6 3. Bf4 Qb6 4. Qc1 Nf6 5. Nc3 Bg4 6. Ne5 Qxd4 7. e3 Qb6 8. h3 Be6 9. Be2 Nbd7 10. Nf3 g6 11. 0-0 Bg7 12. Ng5 Nc5 13. Rb1 h6 14. Nxe6 Nxe6 15. Bh2 0-0 16. Rd1 Rad8 17. Be5 Rfe8 18. b4 Ne4 19. Na4 Bxe5 20. Nxb6 axb6 21. Rb3 Ra8 22. a3 Red8 23. c4 d4 24. Bd3 Nf6 25. Qc2 dxe3 26. fxe3 Kg7 27. b5 Nc5 28. bxc6 Nxb3 29. Qxb3 bxc6 30. Qxb6 c5 31. Qb3 Rdb8 32. Qc2 Rxa3 33. Qe2 Rb2 34. Qf3 Raa2 35. Bf1 Rb3 36. Rd3 Rb4 37. Rd8 Rb3 38. Rd3 Rbb2 39. Kh1 Rf2 40. Qd1 Ra1 0-1